Կենսագրութիւններ երկու հայ պատրիարքներու եւ տասն եպիսկոպոսներու եւ ժամանակին հայ կաթողիկեայք / (Record no. 182398)
[ view plain ]
| 000 -LEADER | |
|---|---|
| fixed length control field | 01116nam a2200241 u 4500 |
| 001 - CONTROL NUMBER | |
| control field | 000494645 |
| 003 - CONTROL NUMBER IDENTIFIER | |
| control field | AM-YeHGA |
| 005 - DATE AND TIME OF LATEST TRANSACTION | |
| control field | 20250618072636.0 |
| 008 - FIXED-LENGTH DATA ELEMENTS--GENERAL INFORMATION | |
| fixed length control field | 060706s1915 au r 000 0 arm d |
| 040 ## - CATALOGING SOURCE | |
| Original cataloging agency | AM-YeHGA |
| 041 0# - LANGUAGE CODE | |
| Language code of text/sound track or separate title | arm |
| 090 ## - LOCALLY ASSIGNED LC-TYPE CALL NUMBER (OCLC); LOCAL CALL NUMBER (RLIN) | |
| -- | 183851 |
| 100 1# - MAIN ENTRY--PERSONAL NAME | |
| Personal name | Գալեմքյարյան, Գրիգորիս, |
| Dates associated with a name | 1862-1917 |
| 245 10 - TITLE STATEMENT | |
| Title | Կենսագրութիւններ երկու հայ պատրիարքներու եւ տասն եպիսկոպոսներու եւ ժամանակին հայ կաթողիկեայք / |
| Statement of responsibility, etc. | Հ. Գրիգորիս ծ.վ. Գալէմքեարեան Մխիթ. ուխտէն. |
| 260 ## - PUBLICATION, DISTRIBUTION, ETC. | |
| Place of publication, distribution, etc. | Վիեննա : |
| Name of publisher, distributor, etc. | տպ. Մխիթարեան, |
| Date of publication, distribution, etc. | 1915. |
| 300 ## - PHYSICAL DESCRIPTION | |
| Extent | 384 էջ |
| 440 #0 - SERIES STATEMENT/ADDED ENTRY--TITLE | |
| Title | Ազգային մատենադարան ; |
| Volume/sequential designation | ՀԸ. |
| 9 (RLIN) | 4491 |
| 440 #0 - SERIES STATEMENT/ADDED ENTRY--TITLE | |
| Title | Կենսագրութիւններ (1554-1822) |
| Volume/sequential designation | 1 |
| 500 ## - GENERAL NOTE | |
| General note | Ցուցակ հատուկ անունների՝ էջ 359-376 |
| 650 14 - SUBJECT ADDED ENTRY--TOPICAL TERM | |
| Topical term or geographic name entry element | Հայ եկեղեցու գործիչներ |
| 9 (RLIN) | 4735 |
| 856 41 - ELECTRONIC LOCATION AND ACCESS | |
| Uniform Resource Identifier | <a href="http://serials.flib.sci.am/openreader/Hay%20patriarq_1915/book/index.html#page/1/mode/2up">http://serials.flib.sci.am/openreader/Hay%20patriarq_1915/book/index.html#page/1/mode/2up</a> |
| Link text | Կարդալ առցանց |
| 942 ## - ADDED ENTRY ELEMENTS (KOHA) | |
| Source of classification or shelving scheme | Universal Decimal Classification |
| Koha item type | Գրքեր / Books |
| Koha issues (borrowed), all copies | 3 |
| Withdrawn status | Lost status | Damaged status | Not for loan | Collection | Home library | Current library | Date acquired | Total checkouts | Total renewals | Full call number | Barcode | Date last seen | Date last checked out | Price effective from | Koha item type | Public note |
|---|---|---|---|---|---|---|---|---|---|---|---|---|---|---|---|---|
| General | Fundamental Scientific Library | Fundamental Scientific Library | 28/12/2016 | 3 | 1 | AII/33026 | 220033026 | 07/03/2025 | 07/03/2025 | 28/12/2016 | Գրքեր / Books | 30 Days Loan | ||||
| General | Fundamental Scientific Library | Fundamental Scientific Library | 28/12/2016 | AII/34298 | 220034298 | 28/12/2016 | 28/12/2016 | Գրքեր / Books | 30 Days Loan | |||||||
| General | Fundamental Scientific Library | Fundamental Scientific Library | 28/12/2016 | AII/34299 | 220034299 | 28/12/2016 | 28/12/2016 | Գրքեր / Books | 30 Days Loan |
ՀՀ Գիտությունների ազգային ակադեմիայի հիմնարար գիտական գրադարան = Fundamental Scientific Library of NAS RA
All site content, except where otherwise noted, is licensed under a